000 00651nam a2200205Ia 4500
003 GCL
008 140319s9999 xx 000 0 ara d
020 _a8535035977
040 _aGCL /
_cGCL
082 0 4 _a721
_bم ت
100 1 _aمحمد حماد
245 1 0 _aالتفاصيل المعمارية /
_cمحمد حماد
260 _aالقاهرة :
_bدار الكتب العلمية للنشر والتوزيع ،
_c2003
300 _a167 ص ؛
_c32 سم
650 0 4 _aالتصميم الانشائى
650 0 4 _aالعمارة
650 0 4 _aالرسم المعمارى
650 0 4 _aالعمارة - تصميمات
942 _2ddc
_cBK
999 _c46454
_d46454